000 00703nam a2200205Ii 4500
003 JO-AjNU
008 230605s9999||||xx |||||||||||||| ||und||
040 _aJO-AjNU
_bara
_erda
_cJO-AjNU
041 _aara
050 1 4 _aQC133.R53 1988
100 3 _aرفعت ، ابراهيم/ م مشارك حماد يوسف حماد ,
_eauthor
_915278
245 0 0 _aديناميكا الاجسام والديناميكا الحرارية
250 _aط3
264 3 1 _aالقاهرة:دار المعارف ، 1988
300 _a333ص
336 _atext
_btxt
_2rdacontent
337 _aunmediated
_bn
_2rdamedia
338 _avolume
_bnc
_2rdacarrier
650 4 _aالديناميكا -الميكانيكا
_915279
999 _aA4276
_c7844
_d7844